000 00525nam a2200217 a 4500
001 0001-2179
003 ELIB.Books
008 190802 2010 eng
020 _a0281028494
092 _a290
_bBro
100 _aBrown, David A.
245 _aA Guide to Religions
260 _aLondon
_bS.P.C.K
_c1975
300 _a271
_c20cm
650 _aReligions
856 _nKBTS Library
_uKBTS Elib
942 _2ddc
_cBK
990 _a1
998 _aEnglishbooks.elf
_ccat
_e2019-08-02
999 _c12179
_d12179